| 000 | 00956nam a2200253u 4500 | ||
|---|---|---|---|
| 001 | 36501 | ||
| 003 | BD-RjUL | ||
| 005 | 20211209052509.0 | ||
| 008 | 140624s1928 nyuaf 001 0 eng | ||
| 035 | _a(BD-RjUL)36601 | ||
| 040 |
_aDLC _cCarP _dDLC _dBD-RjUL _beng |
||
| 041 | _aeng | ||
| 082 |
_a321.04 _bRUG 1928 |
||
| 100 | 1 |
_aRutherford, J. F. _q(Joseph Franklin), _d1869-1942. _994450 |
|
| 245 | 1 | 0 |
_aGovernment : _bthe indisputable evidence showing that the peoples of earth shall have a righteous government and explaining the manner of its establishment / _cJ. F. Rutherford |
| 260 |
_aBrooklyn, N.Y. : _bInternational Bible students association, Watch tower Bible and tract society, _cc1928. |
||
| 300 |
_a3 p.l., 9-363 p. : _bill. ; _c19 cm. |
||
| 504 | _aIncludes index. | ||
| 650 | 0 |
_aTheocracy _999109 |
|
| 650 | 0 |
_aJehovah's witnesses. [from old catalog] _9111129 |
|
| 942 |
_2ddc _cBK |
||
| 999 |
_c36501 _d36501 |
||